| 000 | 00616nam a2200181 4500 | ||
|---|---|---|---|
| 001 | 108470 | ||
| 003 | ES-MaACL | ||
| 005 | 20231227200023.0 | ||
| 007 | t| | ||
| 008 | 061121s1955 sp r ||||1| spa d | ||
| 100 | 1 |
_aMonereo González, Julio. _982170 |
|
| 245 | 1 | 0 |
_aTumores benignos y lesiones precancerosas del colon y del recto / _cpor Julio Monereo González; prólogo C. Jiménez Díaz. |
| 260 |
_aMadrid : _bPaz Montalvo, _c[1955?] |
||
| 300 |
_a130 p., 4 lám : _bil. ; _c24 cm. |
||
| 700 | 1 |
_aJiménez Díaz, Carlos, _d1898-1967 _966515 |
|
| 852 |
_aES-MaACL _jC-9932 _bR.38159 |
||
| 999 |
_c108470 _d108470 |
||